Domov spisovateľa Na nedožité 70. narodeniny D. Chrobáka

Bibliographic Details
Format: Article
Language:Slovak
PhysicalDescription:Obr.
Subjects:

MARC

LEADER 00000nab a2200000 a 4500
001 vtls008934331
003 SK-MaSNL
005 20260303070607.0
008 060206 19770216xo d 000 0 slo
015 |a SNBRB1977 
040 |a SNKBUCL  |b slo  |c SNKBUCL  |e AACR2 
041 0 |a slo 
044 |a xo  |c SK 
080 |a 82:929:821.162.4  |2 2001 
080 |a 929:821.162.4  |2 2001 
080 |a 821.162.4  |2 2001 
080 |a 929 Chrobák, Dobroslav  |2 2001 
245 0 0 |a Domov spisovateľa  |b Na nedožité 70. narodeniny D. Chrobáka  |c [autor] (cha) 
300 |b Obr. 
600 1 7 |a Chrobák, Dobroslav,  |d 1907-1951   |2 snkbucl  |9 104678 
773 0 |t Práca  |g 16. 2. 1977, s. 6 
958 |a BX 
958 |a LX 
999 |c 1756046  |d 1757976